Normal view
MARC view
Entry Topical Term
001 - CONTROL NUMBER
- control field: 29909
003 - CONTROL NUMBER IDENTIFIER
- control field:
005 - DATE AND TIME OF LATEST TRANSACTION
- control field: 20230831125156.0
008 - FIXED-LENGTH DATA ELEMENTS
- fixed length control field: 230831|| aca||aabn | a|a d
040 ## - CATALOGING SOURCE
- Original cataloging agency:
- Transcribing agency:
150 ## - HEADING--TOPICAL TERM
- Topical term or geographic name entry element: Children
- Form subdivision: Health and hygiene
- General subdivision: Nigeria
670 ## - SOURCE DATA FOUND
- Source citation: Work cat.: ()14747: CHILDREN'S and women's rights in Nigeria: , 2001
